| 000 | 06966nam a22006377a 4500 | ||
|---|---|---|---|
| 005 | 20090121095147.0 | ||
| 008 | 090121t xxu||||| |||| 00| 0 eng d | ||
| 010 | _aB-359002 | ||
| 020 |
_a9788176937092 _c225.00 |
||
| 035 | _aB-359002 | ||
| 035 | _aB-335498-528 | ||
| 037 | _bBlueberry Books | ||
| 040 |
_adpl _bEnglish |
||
| 082 | _a591 | ||
| 245 |
_aPogo book of animals / _cedited by C.V.Indira...[et al] |
||
| 260 |
_aNew Delhi _bBPI India _c2008 |
||
| 270 |
_a16, Ansari Road, Darya ganj _bNew Delhi _e110 002 |
||
| 300 |
_a64 p.: _bcol. ill. _c28 cm. (Hb) |
||
| 500 | _aIncludes index and glossary | ||
| 700 | _aIndira, C. V. | ||
| 942 |
_2ddc _cCH _mPOG _h591 |
||
| 999 |
_c21861 _d21861 |
||